000 00313nam a22001457a 4500
008 231127b ||||| |||| 00| 0 eng d
020 _a9781594514319
041 _aeng
080 _a316
082 _a316BUE
100 _a24
101 _aSCL
245 _aCRITICAL SOCIOLOGY
_cBUECHLER.M.S
942 _2udc
_cBK
999 _c60536
_d60536